The definitive guide to environmental training (Record no. 63418)
[ view plain ]
| 000 -LEADER | |
|---|---|
| fixed length control field | 00721nam a2200169 a 4500 |
| 008 - FIXED-LENGTH DATA ELEMENTS--GENERAL INFORMATION | |
| fixed length control field | 120416s0000 ||||||||||||||||| || u |
| 020 ## - INTERNATIONAL STANDARD BOOK NUMBER | |
| International Standard Book Number | 0748726861 |
| 050 ## - LIBRARY OF CONGRESS CALL NUMBER | |
| Classification number | HF 5549.5.T7 Laf |
| 100 ## - MAIN ENTRY--PERSONAL NAME | |
| Personal name | Laffan, Jane |
| 245 14 - TITLE STATEMENT | |
| Title | The definitive guide to environmental training |
| 246 ## - | |
| -- | Laffan, jane |
| 260 ## - PUBLICATION, DISTRIBUTION, ETC. | |
| Place of publication, distribution, etc. | Cheltenham |
| Name of publisher, distributor, etc. | Stanley Thornes |
| Date of publication, distribution, etc. | 1996 |
| 300 ## - PHYSICAL DESCRIPTION | |
| Extent | 84p. : ill |
| 350 ## - | |
| -- | 0.00 |
| 995 ## - | |
| -- | MAIN LIBRARY OPEN ACCESS |
| -- | 0.00 |
| -- | 028248 |
| -- | CBU-MAIN LIBRARY (Kitwe) |
| -- | 2 |
| -- | 7.85 |
| -- | HF 5549.5.T7 Laf |
| -- | 1 |
| -- | AVAILABLE |
| -- | 028248 |
| -- | Main Library Open Access Collection |
| 995 ## - | |
| -- | MAIN LIBRARY OPEN ACCESS |
| -- | 0.00 |
| -- | 730822 |
| -- | CBU-MAIN LIBRARY (Kitwe) |
| -- | 1 |
| -- | 7.85 |
| -- | HF 5549.5.T7 Laf |
| -- | 2 |
| -- | AVAILABLE |
| -- | 027970 |
| -- | Main Library Open Access Collection |
| 999 ## - | |
| -- | 63418 |
| -- | 63418 |
| Withdrawn status | Lost status | Source of classification or shelving scheme | Damaged status | Not for loan | Permanent Location | Current Location | Shelving location | Date acquired | Total Checkouts | Full call number | Barcode | Date last seen | Price effective from | Koha item type |
|---|---|---|---|---|---|---|---|---|---|---|---|---|---|---|
| CBU-MAIN LIBRARY, KITWE. | CBU-MAIN LIBRARY, KITWE. | 12/24/2022 | HF 5549.5.T7 Laf | 028248 | 12/24/2022 | 12/24/2022 | MONOGRAPH | |||||||
| CBU-MAIN LIBRARY, KITWE. | CBU-MAIN LIBRARY, KITWE. | 12/24/2022 | HF 5549.5.T7 Laf | 027970 | 12/24/2022 | 12/24/2022 | MONOGRAPH |